| 000 | 004460000a22001690004500 | ||
|---|---|---|---|
| 003 | MACL | ||
| 005 | 20160102114229.0 | ||
| 008 | 160102b xxu||||| |||| 00| 0 eng d | ||
| 040 |
_aMACL _cMACL |
||
| 041 | _aEnglish | ||
| 082 | _a700/HUD | ||
| 100 |
_aHuddilston, John H _926799 |
||
| 245 | _aThe Attitude of the Greek Tragedians Towards Art | ||
| 260 |
_bMacmillan & Co Ltd _c1898 _aLondon |
||
| 650 |
_aArts _926800 |
||
| 942 |
_cBK _k700/HUD _2ddc |
||
| 999 |
_c38909 _d38909 |
||